000 01039cam a22002771 4500
001 sa 67003597
003 DLC
005 20260227112339.0
008 820309s1966 ii a 100 0 eng
010 _asa 67003597
025 _aPL480:I-E-8205
035 _a(OCoLC)9800727
040 _aDLC
_cMnSU
_dDLC
042 _apremarc
050 0 0 _aTS1300
_b.T2125 1965
111 2 _aTextile Conference
_d((1965 : :
_cGovindram Seksaria Technological Institute))
245 0 0 _aProceedings of the two-day Textile Conference
_cheld at Govindram Seksaria Technological Institute, Indore, on August 1, 2, 1965.
260 _a[Ahmedabad,
_bAhmedabad Textile Industry's Research Association,
_c1966]
300 _a68 p.
_billus.
_c29 cm.
500 _a"An ATIRA publication."
500 _aJointly sponsored by ATIRA and Textile Association (M.P).
650 0 _aTextile industry
_vCongresses.
650 0 _aTextile fabrics
_vCongresses.
710 2 _aAhmedabad Textile Industry's Research Association.
710 2 _aTextile Association (India)
999 _c73915
_d73915